Normal view MARC view
  • Tulsian, P.C. Pandey, Vishal

Entry Personal Name

Number of records used in: 2

001 - CONTROL NUMBER

  • control field: 1672

003 - CONTROL NUMBER IDENTIFIER

  • control field: OSt

005 - DATE AND TIME OF LATEST TRANSACTION

  • control field: 20160601153723.0

008 - FIXED-LENGTH DATA ELEMENTS

  • fixed length control field: 160601|| aca||aabn | a|a d

040 ## - CATALOGING SOURCE

  • Original cataloging agency: OSt
  • Transcribing agency: OSt

100 ## - HEADING--PERSONAL NAME

  • Personal name: Tulsian, P.C. Pandey, Vishal

670 ## - SOURCE DATA FOUND

  • Source citation: Work cat.: (OSt): Tulsian, P.C. Pandey, Vishal, Business Organisation and Mgt